Oceňování majetku podniku
Oceňovanie investičného a obežného majetku podniku. Odpisovanie investičného majetku. Oceňovanie položiek cudzieho kapitálu. Stanovenie trhovej hodnoty podniku.
Salvato in:
| Autore principale: | |
|---|---|
| Natura: | Capitolo di libro |
| Lingua: | ceco |
| Soggetti: | |
| Tags: |
Nessun Tag, puoi essere il primo ad aggiungerne!!
|
MARC
| LEADER | 00000naa a2200000 4500 | ||
|---|---|---|---|
| 001 | r030373 | ||
| 005 | 20230920094301.8 | ||
| 041 | 0 | |a cze | |
| 044 | |a CZ | ||
| 245 | 1 | 0 | |a Oceňování majetku podniku |c Miloslav Synek |
| 520 | |a Oceňovanie investičného a obežného majetku podniku. Odpisovanie investičného majetku. Oceňovanie položiek cudzieho kapitálu. Stanovenie trhovej hodnoty podniku. | ||
| 610 | 2 | 0 | |a hospodárstvo podnikové |
| 610 | 2 | 0 | |a majetok investičný |
| 610 | 2 | 0 | |a majetok obežný |
| 610 | 2 | 0 | |a oceňovanie |
| 610 | 2 | 0 | |a odpisy |
| 610 | 2 | 0 | |a kapitál cudzí |
| 610 | 2 | 0 | |a hodnota podniku |
| 100 | 1 | |a Synek, Miloslav | |